Normal view
MARC view
- BRIG DR JAVAID IQBAL COL NASIR RASHI MAJ NAUMAN RAZZAQ
Entry Personal Name
001 - CONTROL NUMBER
- control field: 72157
003 - CONTROL NUMBER IDENTIFIER
- control field: NUST
005 - DATE AND TIME OF LATEST TRANSACTION
- control field: 20210628204742.0
008 - FIXED-LENGTH DATA ELEMENTS
- fixed length control field: 210628|| aca||aabn | a|a d
040 ## - CATALOGING SOURCE
- Original cataloging agency: NUST
- Transcribing agency: NUST
100 ## - HEADING--PERSONAL NAME
- Personal name: BRIG DR JAVAID IQBAL COL NASIR RASHI MAJ NAUMAN RAZZAQ
670 ## - SOURCE DATA FOUND
- Source citation: Work cat.: (NUST): GC MUHAMMAD ZAMMAD BIN IDREES GC MUHAMMAD RABEET ALI GC ATIF SHAKEEL 72156, PR-SOF-1499-Development Of Training System For Anti-Personnel Simulation Mine, 2016
